000 00815nam a2200253 i 4500
001 12905
003 ES-MaACL
005 20240229200622.0
007 t|
008 971008s1994 xxu ||||1| eng d
020 _a0-271-01325-7
080 _a72.033.4/5(460)
080 _a72.01(460)"4/11"
080 _a72.01:301.15
080 _a301.15:72.01
100 1 _aDodds, Jerrilynn D.
_944968
245 1 0 _aArchitecture and ideology in early medieval Spain /
_cJerrilynn D. Dodds.
260 _aUniversity Park, Pennsylvania :
_bThe Pennsylvania State University Press,
_c1994.
300 _aXIV, 174 p., [74] p. de lám. ;
_c28 cm.
650 _aArquitectura y sociedad-
_zEspaña.
_9171386
650 1 7 _aArquitectura medieval-
_zEspaña
_2
_9169631
852 _aES-MaACL
_jL-20232
999 _c12905
_d12905